| 000 | 00649cam a2200217 a 4500 | ||
|---|---|---|---|
| 999 |
_c196076 _d196076 |
||
| 005 | 20230605164146.0 | ||
| 008 | 940308s1993 enkab b 001 0 eng | ||
| 010 | _aENG-137002 | ||
| 020 |
_c250.00 _a9789393734013 |
||
| 035 | _aEN-120534 | ||
| 037 | _bDBAD/PUB | ||
| 040 |
_adpl _bEng |
||
| 082 | _a881 | ||
| 245 | 1 | 0 |
_aShades of Resilience _cby Kum Kum Ray, |
| 250 | _aFirst | ||
| 260 |
_aKolkata _bExceller Books A Global Press _c2022 |
||
| 270 |
_aG-1,Dream Apartment, Degree College Road, Belgharia _bKolkata _e700056 |
||
| 300 |
_a61,; _c21cm,( Pbk ) |
||
| 700 |
_923269 _aRay, Kum Kum |
||
| 942 |
_2ddc _cEN _mRAY _h881 |
||